00493nam a2200157Ia 450000500170000000800410001708200130005810000180007124500260008926000450011530000130016050000420017394200060021595200990022199900150032020250320051637.0240331s9999 xx 000 0 und d bMURa894 aMurshideen, I 0aSamudhaya aghadhighal aColombobAllama Iqbal Publicationsc1990 a115 p ., aA Collection of Islamic Short Stories cL 001040708LaWERCLbWERCLcSSCd2024-03-31l0o 894.811 MURp3662r2024-03-31w2024-03-31yL c4102d4102